Adrien Brody & Wes Anderson Collaborations - Statistics

General Stats
  • This quiz has been taken 14 times
    10 since last reset
  • The average score is 4 of 5
Answer Stats
Year Released Movies % Correct
2020 The French Dispatch
90%
2014 The Grand Budapest Hotel
90%
2009 Fantastic Mr. Fox
80%
2007 The Darjeeling Limited
80%
2022 Asteroid City
70%
No matching quizzes found
Score Distribution
Percent of People with Each Score
Percentile by Number Answered
Your Score History
You have not taken this quiz since the last reset